000 00414nam a2200157Ia 4500
008 151213s9999 xx 000 0 und d
020 _a81-7096-606-x
100 _aCharles W.Mignon
245 _aEmerson's Essay's ( Cliff Notes)
_cCharles W.Mignon
260 _aNew Delhi
_bKalyani Publishers
_c2000
300 _a7110 p.
650 _aEnglish
650 _aEnglish
700 _aCharles W.Mignon
999 _c3763
_d3763